=LDR 00000nam 2200000 4500 =001 INLIS000000000029380 =005 20200827105548 =035 ##$$a 0010-061300000029380 =008 200827################g##########0#ind## =041 ##$$a ind =082 ##$$a 2x9.86 =090 ##$$a 2x9.86, ALI m =100 ##$$a Ali, Yunasril =245 1#$$a Manusia citra ilahi, : $b Pengembangan konsep insan kamil Ibn 'Arabi oleh al-Jili, /$c Yunasril Ali =260 ##$$a Jakarta :$b Paramadina,$c 1997 =300 ##$$a xii, 234hlm., ; $c 14 x 20 cm =650 #4$$a Alam dan Manusia =850 ##$$a NBPNMAT =084 ##$$a 2x9.86 ALI m =250 ##$$a Cet. 1 =504 ##$$a Bibliografi : hlm, 215-226 =520 ##$$a Indeks : hlm, 227-234 =520 ##$$a Biografi : hlm, 235 =990 ##$$a 121.869/Pro.97